00427nam a2200157 a 450000500170000000800410001702000180005805000240007610000180010024500350011826000350015330000210018844000190020952100070022865000340023520140310183500.0100223s19uu xx 00 eng d a9780071621007 aPN 1996 b.F76 2008 aFrensham, Ray aScreenwriting /cRay Frensham. aUK :bHodder Education,c2008. a326 p. :c20 cm. ateach yourself aMC aMotion picturesxauthorship.